[Event "Oberliga Wuerttemberg 2324"]
[Site "Wuerttemberg"]
[Date "2024.01.21"]
[Round "5.4"]
[White "Mueller, Ralf1"]
[Black "Latzke, Boris Alexander"]
[Result "1/2-1/2"]
[WhiteElo "2344"]
[BlackElo "2178"]
[PlyCount "55"]
[EventDate "2023.09.17"]
[EventType "team-tourn"]
[EventRounds "9"]
[EventCountry "GER"]
[SourceTitle "EXT 2025"]
[Source "ChessBase"]
[SourceDate "2024.10.14"]
[SourceVersion "1"]
[SourceVersionDate "2024.10.14"]
[SourceQuality "1"]
[WhiteTeam "Boeblingen"]
[BlackTeam "Bebenhausen"]
[WhiteTeamCountry "GER"]
[BlackTeamCountry "GER"]

1. d4 Nf6 2. c4 e6 3. Nf3 b6 4. g3 Ba6 5. b3 Bb4+ 6. Bd2 Be7 7. Bg2 d5 8. Bc3 0-0 9. Nbd2 Bb7 10. 0-0 Nbd7 11. cxd5 Nxd5 12. Bb2 c5 13. Rc1 Rc8 14. Re1 cxd4 15. Nxd4 Rxc1 16. Qxc1 Qa8 17. Qa1 Rc8 18. Rc1 N5f6 19. Rxc8+ Qxc8 20. Qc1 Qxc1+ 21. Bxc1 Nd5 22. Nc4 Kf8 23. Bd2 Bc5 24. Nb5 a6 25. Nc7 Ke7 26. Ne3 N7f6 27. Ncxd5+ Nxd5 28. Nxd5+ 1/2-1/2

[Event "Rheinland Pfalz op 13th"]
[Site "Engers"]
[Date "2023.06.11"]
[Round "7"]
[White "Kotyk, Michael"]
[Black "Latzke, Boris Alexander"]
[Result "0-1"]
[WhiteElo "2089"]
[BlackElo "2169"]
[PlyCount "30"]
[EventDate "2023.06.08"]
[EventType "swiss"]
[EventRounds "7"]
[EventCountry "GER"]
[SourceTitle "CBM 214 Extra"]
[Source "ChessBase"]
[SourceDate "2023.07.31"]
[SourceVersion "1"]
[SourceVersionDate "2023.07.31"]
[SourceQuality "1"]

1. d4 Nf6 2. c4 e6 3. Nc3 Bb4 4. e3 b6 5. Nge2 Ne4 6. Qc2 Bb7 7. f3 Nxc3 8. Nxc3 Qh4+ 9. g3 Qh5 10. e4 Nc6 11. Qf2 Nxd4 12. Qxd4 Qxf3 13. Rg1 Bc5 14. Qxg7 Qf2+ 15. Kd1 Bd4 0-1

[Event "Oberliga Wuerttemberg 2223"]
[Site "Wuerttemberg"]
[Date "2023.03.05"]
[Round "7.6"]
[White "Latzke, Boris Alexander"]
[Black "Schroeter, Samuel"]
[Result "1-0"]
[WhiteElo "2179"]
[BlackElo "2144"]
[PlyCount "55"]
[EventDate "2022.09.18"]
[EventType "team-tourn"]
[EventRounds "9"]
[EventCountry "GER"]
[SourceTitle "EXT 2025"]
[Source "ChessBase"]
[SourceDate "2024.10.14"]
[SourceVersion "1"]
[SourceVersionDate "2024.10.14"]
[SourceQuality "1"]
[WhiteTeam "Bebenhausen"]
[BlackTeam "Boeblingen"]
[WhiteTeamCountry "GER"]
[BlackTeamCountry "GER"]

1. d4 g6 2. c4 Bg7 3. e4 c5 4. d5 d6 5. Ne2 Nf6 6. Nbc3 Na6 7. f3 Nc7 8. Be3 a6 9. Ng3 Rb8 10. a4 b6 11. Be2 Bd7 12. 0-0 b5 13. e5 dxe5 14. axb5 axb5 15. Bxc5 bxc4 16. d6 exd6 17. Bxd6 Bf8 18. Nge4 Nxe4 19. Nxe4 Be7 20. Ra7 Rc8 21. Bxe7 Qxe7 22. Nd6+ Kf8 23. Nxc8 Bxc8 24. Kh1 Be6 25. Qd2 Kg7 26. Qa5 Rc8 27. Qxe5+ f6 28. Qe3 1-0

[Event "Hastings Masters op"]
[Site "Hastings"]
[Date "2022.12.30"]
[Round "3"]
[White "Latzke, Boris Alexander"]
[Black "Dewangan, Aayush"]
[Result "1-0"]
[WhiteElo "2194"]
[BlackElo "1472"]
[PlyCount "95"]
[EventDate "2022.12.28"]
[EventType "swiss"]
[EventRounds "10"]
[EventCountry "ENG"]
[SourceTitle "CBM 212 Extra"]
[Source "ChessBase"]
[SourceDate "2023.03.31"]
[SourceVersion "1"]
[SourceVersionDate "2023.03.31"]
[SourceQuality "1"]

1. d4 Nf6 2. c4 g6 3. Nc3 d5 4. Nf3 Bg7 5. Qb3 c6 6. cxd5 Nxd5 7. e4 Nb6 8. Be2 0-0 9. Be3 Be6 10. Qc2 Bc4 11. 0-0 Qc7 12. Rac1 N8d7 13. Rfd1 Rad8 14. Bg5 Rfe8 15. Bxc4 Nxc4 16. Qe2 Ncb6 17. d5 Nf6 18. h3 Qc8 19. a4 h5 20. a5 Na8 21. Bf4 Nd7 22. Nb5 b6 23. Nxa7 Qb7 24. Nxc6 Rc8 25. a6 Qxc6 26. dxc6 Nc5 27. b4 Na4 28. Be5 f6 29. Ba1 Bh6 30. Qa2+ Kg7 31. Qxa4 Bxc1 32. Rxc1 Rc7 33. b5 Rd8 34. Ng5 Rd6 35. Qb3 e5 36. Ne6+ Rxe6 37. Qxe6 Rf7 38. Bxe5 fxe5 39. Qxe5+ Kh6 40. Qh8+ Kg5 41. Qxa8 h4 42. Qd8+ Kf4 43. Rd1 g5 44. Rd3 g4 45. Qd6+ Kxe4 46. Re3+ Kf5 47. Re5+ Kf4 48. Qd4# 1-0

[Event "Hastings Masters op"]
[Site "Hastings"]
[Date "2022.12.29"]
[Round "2"]
[White "Southcott Moyers, Indy"]
[Black "Latzke, Boris Alexander"]
[Result "1/2-1/2"]
[WhiteElo "1870"]
[BlackElo "2194"]
[PlyCount "103"]
[EventDate "2022.12.28"]
[EventType "swiss"]
[EventRounds "10"]
[EventCountry "ENG"]
[SourceTitle "CBM 212 Extra"]
[Source "ChessBase"]
[SourceDate "2023.03.31"]
[SourceVersion "1"]
[SourceVersionDate "2023.03.31"]
[SourceQuality "1"]

1. d4 Nf6 2. c4 e6 3. Nf3 b6 4. g3 Ba6 5. b3 Bb4+ 6. Bd2 Be7 7. Nc3 d5 8. cxd5 exd5 9. Bg2 0-0 10. 0-0 c6 11. Ne5 Bb7 12. Rc1 Nbd7 13. Bf4 Nh5 14. e3 g6 15. Nxd7 Qxd7 16. Bf3 Ng7 17. Bh6 Rfe8 18. Bxg7 Kxg7 19. Bg4 Qd6 20. h4 Rad8 21. Bf3 Qf6 22. Kg2 Bd6 23. Rc2 Bb8 24. Rd2 Qd6 25. Ne2 Rd7 26. Nf4 Rde7 27. Rh1 Qd8 28. h5 Bd6 29. Qg1 Bc8 30. hxg6 hxg6 31. Qh2 Rh8 32. Qxh8+ Qxh8 33. Rxh8 Kxh8 34. Rc2 Bd7 35. Be2 Kg7 36. Nd3 Re8 37. Rc1 Rc8 38. Bf3 Bf5 39. Nf4 g5 40. Nh5+ Kf8 41. g4 Be6 42. Ng3 Bxg3 43. Kxg3 c5 44. dxc5 bxc5 45. e4 d4 46. Be2 Ke7 47. f4 gxf4+ 48. Kxf4 Kd6 49. Bb5 f6 50. Bc4 Bd7 51. Rh1 Rc6 52. Rh6 1/2-1/2

[Event "Hastings Masters op"]
[Site "Hastings"]
[Date "2022.12.28"]
[Round "1"]
[White "Latzke, Boris Alexander"]
[Black "Miller, George"]
[Result "0-1"]
[WhiteElo "2194"]
[BlackElo "1808"]
[PlyCount "156"]
[EventDate "2022.12.28"]
[EventType "swiss"]
[EventRounds "10"]
[EventCountry "ENG"]
[SourceTitle "CBM 212 Extra"]
[Source "ChessBase"]
[SourceDate "2023.03.31"]
[SourceVersion "1"]
[SourceVersionDate "2023.03.31"]
[SourceQuality "1"]

1. d4 d5 2. c4 c6 3. Nf3 Nf6 4. Nc3 e6 5. Bg5 dxc4 6. e4 b5 7. e5 h6 8. Bh4 g5 9. Nxg5 hxg5 10. Bxg5 Nbd7 11. exf6 Bb7 12. g3 Nxf6 13. Bg2 Bh6 14. Bxh6 Rxh6 15. Qd2 Rh5 16. 0-0 Qb6 17. Rad1 0-0-0 18. Qf4 Rf5 19. Qh4 Rg8 20. Ne4 Nxe4 21. Bxe4 Rfg5 22. Qf4 Qc7 23. Qxc7+ Kxc7 24. f4 Rh5 25. Bf3 Rh6 26. Rf2 Rd8 27. Rfd2 Rhh8 28. h4 a5 29. Kf2 b4 30. Rc2 Ba6 31. Be2 b3 32. axb3 cxb3 33. Rc5 Bxe2 34. Kxe2 a4 35. Kd3 Kb6 36. Rdc1 Rd6 37. R1c4 Ra8 38. Rb4+ Kc7 39. g4 Rd5 40. h5 a3 41. bxa3 b2 42. Rxb2 Rxa3+ 43. Rc3 Ra4 44. Rc4 Ra3+ 45. Kc2 Rf3 46. Ra4 Rxf4 47. Ra7+ Kd6 48. Rb8 Rfxd4 49. h6 Rd2+ 50. Kb1 Rh2 51. Rd8+ Ke5 52. Rxd5+ cxd5 53. g5 f6 54. gxf6 Rxh6 55. f7 Rh8 56. Kc2 Rf8 57. Kd3 Kf6 58. Kd4 Rxf7 59. Ra1 Rc7 60. Rf1+ Ke7 61. Ra1 Rc4+ 62. Kd3 Kd6 63. Ra6+ Ke5 64. Rb6 Rh4 65. Ra6 Rh3+ 66. Ke2 d4 67. Kd2 Kf5 68. Ra8 Ke4 69. Rg8 Rh2+ 70. Kd1 e5 71. Rg3 d3 72. Rg4+ Kd5 73. Rg8 Kd4 74. Ke1 e4 75. Rg1 Ra2 76. Rg4 Ke3 77. Rg3+ Kf4 78. Rh3 e3 0-1

[Event "Oberliga Wuerttemberg 2122"]
[Site "Wuerttemberg"]
[Date "2022.04.24"]
[Round "5.4"]
[White "Latzke, Boris Alexander"]
[Black "Doll, Michael"]
[Result "1-0"]
[WhiteElo "2164"]
[BlackElo "2147"]
[PlyCount "111"]
[EventDate "2021.09.19"]
[EventType "team-tourn"]
[EventRounds "9"]
[EventCountry "GER"]
[SourceTitle "EXT 2023"]
[Source "ChessBase"]
[SourceDate "2022.10.05"]
[SourceVersion "1"]
[SourceVersionDate "2022.10.05"]
[SourceQuality "1"]
[WhiteTeam "Bebenhausen"]
[BlackTeam "Nuertingen"]
[WhiteTeamCountry "GER"]
[BlackTeamCountry "GER"]

1. d4 d5 2. c4 e6 3. Nc3 Nf6 4. cxd5 exd5 5. Bg5 Bb4 6. e3 0-0 7. Bd3 h6 8. Bh4 Re8 9. Nge2 c6 10. 0-0 Nbd7 11. h3 Be7 12. Qc2 Ne4 13. Bxe7 Qxe7 14. Bxe4 dxe4 15. Ng3 Nf6 16. f3 exf3 17. Rxf3 Qd6 18. Raf1 Re7 19. Qf2 Bd7 20. e4 Nh7 21. Rxf7 Rxf7 22. Qxf7+ Kh8 23. Qf2 Rf8 24. Qe3 Rxf1+ 25. Nxf1 Ng5 26. Nd2 Ne6 27. Nf3 b6 28. Ne2 Be8 29. Nh4 Qb4 30. Nf5 Kh7 31. Qc3 Qf8 32. Neg3 g6 33. Ne3 Qf4 34. Nef1 Qd6 35. Ne2 Bd7 36. Ne3 Ng5 37. e5 Qf8 38. Qd3 Qf7 39. h4 Ne6 40. Ng4 Kg7 41. Qe3 g5 42. hxg5 Nxg5 43. Nf6 Bf5 44. Ng3 Bg6 45. Qc3 Qe6 46. b3 Nh7 47. Nfh5+ Kg8 48. Nf4 Qe8 49. Qc4+ Kh8 50. Qe2 Nf8 51. e6 Qe7 52. Qe5+ Kh7 53. Ne4 Bxe4 54. Qxe4+ Kg8 55. Qxc6 Qf6 56. Qe4 1-0

[Event "Oberliga Wuerttemberg 1920"]
[Site "Wuerttemberg"]
[Date "2020.03.01"]
[Round "8.4"]
[White "Latzke, Boris Alexander"]
[Black "Gustain, Marc"]
[Result "1-0"]
[WhiteElo "2188"]
[BlackElo "2129"]
[PlyCount "81"]
[EventDate "2019.09.15"]
[EventType "team-tourn"]
[EventRounds "9"]
[EventCountry "GER"]
[SourceTitle "EXT 2021"]
[Source "ChessBase"]
[SourceDate "2020.10.23"]
[SourceVersion "1"]
[SourceVersionDate "2020.10.23"]
[SourceQuality "1"]
[WhiteTeam "Bebenhausen"]
[BlackTeam "Deizisau"]
[WhiteTeamCountry "GER"]
[BlackTeamCountry "GER"]

1. d4 d5 2. c4 dxc4 3. e3 e5 4. Bxc4 Nc6 5. Nf3 e4 6. Nfd2 Qg5 7. Kf1 Nf6 8. Nc3 Qg6 9. Nb5 Bd6 10. h3 0-0 11. Nxd6 cxd6 12. b3 Be6 13. Ba3 Rfd8 14. Rc1 Nd5 15. Kg1 f5 16. Kh2 Ndb4 17. Be2 Nxa2 18. Rxc6 bxc6 19. Qa1 a5 20. Qxa2 a4 21. Bc4 axb3 22. Qxb3 Bxc4 23. Nxc4 Qe6 24. Rb1 c5 25. Qc3 cxd4 26. Qxd4 Ra4 27. Rb7 Rd7 28. Rb8+ Kf7 29. Nxd6+ Qxd6+ 30. Qxd6 Rxd6 31. Bxd6 g5 32. Be5 Ra6 33. g4 Re6 34. Bd4 fxg4 35. hxg4 Rh6+ 36. Kg2 Rh4 37. Rb7+ Kg6 38. Kg3 Rh1 39. Rg7+ Kh6 40. Re7 Rg1+ 41. Kh3 1-0

[Event "Oberliga Wuerttemberg 1920"]
[Site "Wuerttemberg"]
[Date "2019.11.10"]
[Round "3.4"]
[White "Tran, Thanh Kien"]
[Black "Latzke, Boris Alexander"]
[Result "1/2-1/2"]
[WhiteElo "2138"]
[BlackElo "2188"]
[PlyCount "84"]
[EventDate "2019.09.15"]
[EventType "team-tourn"]
[EventRounds "9"]
[EventCountry "GER"]
[SourceTitle "EXT 2021"]
[Source "ChessBase"]
[SourceDate "2020.10.23"]
[SourceVersion "1"]
[SourceVersionDate "2020.10.23"]
[SourceQuality "1"]
[WhiteTeam "Boeblingen"]
[BlackTeam "Bebenhausen"]
[WhiteTeamCountry "GER"]
[BlackTeamCountry "GER"]

1. Nf3 Nf6 2. c4 e6 3. g3 d5 4. Bg2 Be7 5. 0-0 0-0 6. d4 dxc4 7. Qa4 a6 8. Qxc4 b5 9. Qc2 Bb7 10. Bg5 Be4 11. Qc1 Nbd7 12. Nbd2 Bb7 13. Bxf6 Bxf6 14. Qc2 Rc8 15. Ng5 Bxg5 16. Bxb7 Rb8 17. Bg2 c5 18. dxc5 Nxc5 19. Qxc5 Bxd2 20. Rfd1 Qa5 21. a3 Rfd8 22. Qa7 Qb6 23. Qxb6 Rxb6 24. Rac1 Rbd6 25. Rc6 Rxc6 26. Bxc6 Kf8 27. Bb7 a5 28. Ba6 b4 29. axb4 axb4 30. Bd3 Bg5 31. Ra1 Bf6 32. Ra4 Rb8 33. b3 Bc3 34. Ra7 g6 35. h4 h5 36. Kg2 Rc8 37. Rb7 Ra8 38. Bc4 Rd8 39. Bd3 Rd5 40. Bc4 Re5 41. Rb5 Ke7 42. Rxe5 Bxe5 1/2-1/2

[Event "Oberliga Wuerttemberg 1920"]
[Site "Wuerttemberg"]
[Date "2019.09.15"]
[Round "1.4"]
[White "Degenhard, Simon"]
[Black "Latzke, Boris Alexander"]
[Result "1/2-1/2"]
[WhiteElo "2138"]
[BlackElo "2188"]
[PlyCount "120"]
[EventDate "2019.09.15"]
[EventType "team-tourn"]
[EventRounds "9"]
[EventCountry "GER"]
[SourceTitle "EXT 2021"]
[Source "ChessBase"]
[SourceDate "2020.10.23"]
[SourceVersion "1"]
[SourceVersionDate "2020.10.23"]
[SourceQuality "1"]
[WhiteTeam "Heilbronn"]
[BlackTeam "Bebenhausen"]
[WhiteTeamCountry "GER"]
[BlackTeamCountry "GER"]

1. e4 e5 2. Nf3 Nc6 3. Bb5 a6 4. Ba4 Nf6 5. 0-0 Be7 6. Re1 b5 7. Bb3 d6 8. c3 0-0 9. h3 Nb8 10. d4 Nbd7 11. Nbd2 Bb7 12. Bc2 Re8 13. a4 Bf8 14. Bd3 c6 15. b3 g6 16. Bb2 Bg7 17. Qc2 Qc7 18. c4 b4 19. c5 exd4 20. cxd6 Qxd6 21. Bxd4 Qe7 22. Rac1 Bh6 23. Rcd1 c5 24. Bb2 Bg7 25. Bc4 Nb6 26. e5 Nfd5 27. Ne4 Nxc4 28. Qxc4 Nb6 29. Qxc5 Qxc5 30. Nxc5 Bxf3 31. gxf3 Rec8 32. Bd4 Nd5 33. Rc1 Rc6 34. Nd3 Rac8 35. Be3 Rc3 36. Bd2 Rxc1 37. Rxc1 Rxc1+ 38. Bxc1 Kf8 39. Be3 a5 40. f4 Ke7 41. Kg2 Ke6 42. Nc5+ Kf5 43. Kf3 Bh6 44. Nb7 Bxf4 45. Bxf4 Nxf4 46. Nxa5 Nxh3 47. Nc6 Ng5+ 48. Ke3 Ne6 49. a5 Nc7 50. Nxb4 Kxe5 51. Nd3+ Kd5 52. b4 f6 53. Nc5 Kc4 54. Nd7 Nd5+ 55. Ke4 f5+ 56. Kf3 Nxb4 57. Nf8 Kb5 58. Nxh7 Kxa5 59. Nf8 g5 60. Ne6 Kb5 1/2-1/2

[Event "Stuttgart-chA int"]
[Site "Ditzingen"]
[Date "2018.05.12"]
[Round "6"]
[White "Gabriel, Josef"]
[Black "Latzke, Boris Alexander"]
[Result "1/2-1/2"]
[WhiteElo "2106"]
[BlackElo "2217"]
[PlyCount "118"]
[EventDate "2018.05.10"]
[EventType "swiss"]
[EventRounds "7"]
[EventCountry "GER"]
[SourceTitle "EXT 2020"]
[Source "ChessBase"]
[SourceDate "2019.10.17"]
[SourceVersion "1"]
[SourceVersionDate "2019.10.17"]
[SourceQuality "1"]

1. Nf3 Nf6 2. g3 d5 3. Bg2 c6 4. 0-0 Bg4 5. d3 e6 6. Nbd2 Nbd7 7. c4 Be7 8. b3 0-0 9. Bb2 a5 10. a3 h6 11. Re1 Re8 12. Rc1 Bd6 13. Qc2 Qe7 14. Ra1 Bf5 15. Nd4 Bg6 16. Bh3 Qd8 17. e4 dxe4 18. Nxe4 Be7 19. Nf3 Bh5 20. Bg2 Qb6 21. Qc3 Bxf3 22. Bxf3 Rad8 23. Rad1 e5 24. d4 Nxe4 25. Bxe4 exd4 26. Rxd4 Bf6 27. Qe3 Bxd4 28. Bxd4 c5 29. Bb2 Nf6 30. Qc3 Rd4 31. Bc2 Rdd8 32. Re5 Rxe5 33. Qxe5 Re8 34. Qd5 Qe6 35. Qxc5 b6 36. Qd4 Qh3 37. Bc3 Qh5 38. Kg2 Qe2 39. Bd3 Qe6 40. b4 axb4 41. axb4 Qd7 42. Qxd7 Nxd7 43. Bd4 Ne5 44. Bf1 Nxc4 45. Bxc4 Re4 46. Bxf7+ Kxf7 47. Bxb6 Rxb4 48. Be3 Kg6 49. h3 Kf5 50. Kf3 h5 51. h4 Rb3 52. Kg2 Ke4 53. Bc5 Rc3 54. Bf8 Rc7 55. Bd6 Rf7 56. Bc5 Kd3 57. Be3 Ke2 58. Bd4 Rf5 59. Be3 Rf7 1/2-1/2

[Event "Stuttgart-chA int"]
[Site "Ditzingen"]
[Date "2018.05.11"]
[Round "3"]
[White "Latzke, Boris Alexander"]
[Black "Reindl, Arno"]
[Result "1/2-1/2"]
[WhiteElo "2217"]
[BlackElo "2028"]
[PlyCount "83"]
[EventDate "2018.05.10"]
[EventType "swiss"]
[EventRounds "7"]
[EventCountry "GER"]
[SourceTitle "EXT 2020"]
[Source "ChessBase"]
[SourceDate "2019.10.17"]
[SourceVersion "1"]
[SourceVersionDate "2019.10.17"]
[SourceQuality "1"]

1. d4 Nf6 2. c4 g6 3. Nc3 d5 4. cxd5 Nxd5 5. Bd2 Bg7 6. e4 Nxc3 7. Bxc3 0-0 8. Nf3 c5 9. d5 Bg4 10. Bxg7 Kxg7 11. Be2 Nd7 12. Qd2 Rc8 13. 0-0 Nf6 14. Qf4 e5 15. dxe6 Bxe6 16. Rfd1 Qe7 17. Ng5 Rcd8 18. e5 Nd5 19. Qg3 f6 20. Ne4 Bf5 21. Nd6 fxe5 22. Rxd5 Rxd6 23. Rxc5 Rd1+ 24. Rxd1 Qxc5 25. b3 Rf6 26. Qe3 Qxe3 27. fxe3 Be4 28. Bc4 Bc6 29. Rd8 Rf8 30. Rd2 Rf6 31. b4 a6 32. Rd8 Rf8 33. Rd6 Rf6 34. Rd8 Rf8 35. Rxf8 Kxf8 36. Kf2 Ke7 37. Bg8 Kf8 38. Bb3 Ke7 39. g3 Kd6 40. Ke2 Be4 41. Kd2 g5 42. Kc3 1/2-1/2

[Event "Oberliga Wuerttemberg 1718"]
[Site "Wuerttemberg"]
[Date "2017.12.10"]
[Round "5"]
[White "Latzke, Boris Alexander"]
[Black "Wunder, Niklas"]
[Result "1/2-1/2"]
[WhiteElo "2217"]
[BlackElo "2100"]
[PlyCount "42"]
[EventDate "2017.09.17"]
[EventType "team-tourn"]
[EventRounds "9"]
[EventCountry "GER"]
[SourceTitle "EXT 2019"]
[Source "ChessBase"]
[SourceDate "2018.10.10"]
[SourceVersion "1"]
[SourceVersionDate "2018.10.10"]
[SourceQuality "1"]
[WhiteTeam "Bebenhausen"]
[BlackTeam "Weiler im Allgaeu"]
[WhiteTeamCountry "GER"]
[BlackTeamCountry "GER"]

1. d4 d5 2. c4 c6 3. Nf3 Nf6 4. Nc3 dxc4 5. a4 Bf5 6. e3 e6 7. Bxc4 Bb4 8. 0-0 Nbd7 9. Qe2 Bg6 10. e4 0-0 11. e5 Nd5 12. Nxd5 cxd5 13. Bd3 Bxd3 14. Qxd3 h6 15. Qb5 Qa5 16. Qxd7 a6 17. Bxh6 gxh6 18. Qxb7 Rab8 19. Qa7 Ra8 20. Qb7 Rab8 21. Qa7 Ra8 1/2-1/2

[Event "Oberliga Wuerttemberg 1718"]
[Site "Wuerttemberg"]
[Date "2017.11.12"]
[Round "4.4"]
[White "Latzke, Boris Alexander"]
[Black "Smolka, Alexander"]
[Result "1/2-1/2"]
[WhiteElo "2217"]
[BlackElo "2097"]
[PlyCount "35"]
[EventDate "2017.09.17"]
[EventType "team-tourn"]
[EventRounds "9"]
[EventCountry "GER"]
[SourceTitle "EXT 2019"]
[Source "ChessBase"]
[SourceDate "2018.10.10"]
[SourceVersion "1"]
[SourceVersionDate "2018.10.10"]
[SourceQuality "1"]
[WhiteTeam "Bebenhausen"]
[BlackTeam "Stuttgart Wolfbusch"]
[WhiteTeamCountry "GER"]
[BlackTeamCountry "GER"]

1. d4 e6 2. c4 f5 3. g3 Nf6 4. Bg2 Be7 5. Nf3 0-0 6. 0-0 d6 7. Nc3 Ne4 8. Qc2 Nxc3 9. Qxc3 a5 10. b3 Nc6 11. Bb2 Bf6 12. Qc2 e5 13. dxe5 dxe5 14. Rad1 Qe8 15. Ba3 Be7 16. Bb2 Bf6 17. Ba3 Be7 18. Bb2 1/2-1/2

[Event "Wuerttemberg-ch"]
[Site "Stuttgart"]
[Date "2017.08.31"]
[Round "6"]
[White "Latzke, Boris Alexander"]
[Black "Lelumees, Brait"]
[Result "1-0"]
[WhiteElo "2220"]
[BlackElo "2172"]
[PlyCount "111"]
[EventDate "2017.08.26"]
[EventType "swiss"]
[EventRounds "9"]
[EventCountry "GER"]
[SourceTitle "CBM 180 Extra"]
[Source "ChessBase"]
[SourceDate "2017.10.06"]
[SourceVersion "1"]
[SourceVersionDate "2017.10.06"]
[SourceQuality "1"]

1. d4 d5 2. c4 e6 3. Nc3 Be7 4. cxd5 exd5 5. Bf4 Nf6 6. e3 Bf5 7. Qb3 Nc6 8. a3 0-0 9. Nf3 Rb8 10. Be2 b5 11. Nxb5 Rb7 12. Qc3 Bd7 13. 0-0 Qb8 14. Nxc7 Rxc7 15. Bxc7 Qxc7 16. Ne5 Ne4 17. Qc2 Rc8 18. Nxc6 Qxc6 19. Qxc6 Rxc6 20. Bb5 Rc7 21. Bxd7 Rxd7 22. Rac1 Kf8 23. Rc8+ Bd8 24. Rfc1 Nd6 25. Rb8 Ke7 26. Kf1 h5 27. Ke2 f5 28. Kd3 g5 29. Rc5 Ne4 30. Rc2 h4 31. f3 Nf6 32. h3 Bc7 33. Ra8 Bd6 34. Rcc8 Rb7 35. b4 Kd7 36. Rh8 Ke6 37. Rhd8 Nd7 38. Rac8 Be7 39. Rc6+ Kf7 40. Rdc8 Nb6 41. R8c7 Rxc7 42. Rxc7 Ke6 43. Rxa7 Nc4 44. e4 fxe4+ 45. fxe4 Nb6 46. Ra6 Bd8 47. a4 dxe4+ 48. Kxe4 Kd7 49. a5 Nc8 50. Rg6 Nd6+ 51. Kd5 Nb5 52. Kc5 Nc7 53. b5 Ne6+ 54. Rxe6 Kxe6 55. a6 Be7+ 56. Kc6 1-0

[Event "Oberliga Wuerttemberg 1617"]
[Site "Wuerttemberg"]
[Date "2017.04.02"]
[Round "10.5"]
[White "Latzke, Boris Alexander"]
[Black "Seyfried, Claus"]
[Result "1/2-1/2"]
[WhiteElo "2181"]
[BlackElo "2182"]
[PlyCount "92"]
[EventDate "2016.09.25"]
[EventType "team-tourn"]
[EventRounds "11"]
[EventCountry "GER"]
[SourceTitle "EXT 2019"]
[Source "ChessBase"]
[SourceDate "2018.10.10"]
[SourceVersion "1"]
[SourceVersionDate "2018.10.10"]
[SourceQuality "1"]
[WhiteTeam "Bebenhausen"]
[BlackTeam "Stuttgart SF"]
[WhiteTeamCountry "GER"]
[BlackTeamCountry "GER"]

1. d4 d5 2. c4 e6 3. Nc3 c6 4. cxd5 exd5 5. Bf4 Bd6 6. Bxd6 Qxd6 7. e3 Bf5 8. Nge2 Nf6 9. Ng3 Bg6 10. Be2 Nbd7 11. 0-0 h5 12. Re1 h4 13. Nf1 h3 14. g3 0-0 15. Nd2 Rfe8 16. Bf1 c5 17. dxc5 Nxc5 18. Nb3 Bh5 19. Qd4 Ne6 20. Qh4 Bg4 21. Bxh3 g5 22. Qh6 Qe5 23. Bxg4 Nxg4 24. Qh3 Qf5 25. Qg2 Ne5 26. f4 Nd3 27. Red1 gxf4 28. exf4 d4 29. Nd5 Rad8 30. Rxd3 Qxd3 31. Nf6+ Kg7 32. Nxe8+ Rxe8 33. Re1 Rc8 34. Qe2 Qf5 35. Rd1 Rc2 36. Rd2 Rxd2 37. Qxd2 Qe4 38. Nc1 b6 39. b4 a5 40. bxa5 bxa5 41. Nd3 a4 42. Nf2 Qb1+ 43. Kg2 Qb7+ 44. Kg1 Qb1+ 45. Kg2 Qb7+ 46. Kg1 Qb1+ 1/2-1/2

[Event "Wuerttemberg-ch"]
[Site "Stuttgart"]
[Date "2016.08.31"]
[Round "5"]
[White "Latzke, Boris Alexander"]
[Black "Neyman, Igor"]
[Result "0-1"]
[WhiteElo "2181"]
[BlackElo "2274"]
[PlyCount "80"]
[EventDate "2016.08.27"]
[EventType "swiss"]
[EventRounds "9"]
[EventCountry "GER"]
[SourceTitle "CBM 174 Extra"]
[Source "ChessBase"]
[SourceDate "2016.10.10"]
[SourceVersion "1"]
[SourceVersionDate "2016.10.10"]
[SourceQuality "1"]

1. d4 d5 2. c4 c6 3. Nf3 dxc4 4. e3 Be6 5. Nc3 b5 6. a4 b4 7. Ne2 Nf6 8. Nf4 Bd5 9. Ne5 e6 10. Nxc4 Be7 11. Bd3 0-0 12. 0-0 Nbd7 13. Ne5 Bd6 14. Nxd7 Qxd7 15. Qc2 Bxf4 16. exf4 a5 17. Be3 h6 18. Rfe1 Rfe8 19. f3 Qd6 20. Rac1 Nd7 21. Be4 b3 22. Qc3 Reb8 23. f5 exf5 24. Bxf5 Rb4 25. Qd2 Nb6 26. Bb1 Qf6 27. Qd3 g6 28. Bxh6 Nxa4 29. Re5 Nxb2 30. Qe2 Nc4 31. Re1 Rbb8 32. Bg5 Qg7 33. Qf2 Nxe5 34. dxe5 a4 35. Bf6 Qh6 36. f4 Rb4 37. Bg5 Qh5 38. Bd3 b2 39. Be7 Rb7 40. Be2 Qh7 0-1

[Event "Oberliga Wuerttemberg 1516"]
[Site "Wuerttemberg"]
[Date "2016.03.13"]
[Round "8.3"]
[White "Jurek, Josef"]
[Black "Latzke, Boris Alexander"]
[Result "1-0"]
[WhiteElo "2281"]
[BlackElo "2187"]
[PlyCount "49"]
[EventDate "2015.09.20"]
[EventType "team-tourn"]
[EventRounds "9"]
[EventCountry "GER"]
[SourceTitle "EXT 2019"]
[Source "ChessBase"]
[SourceDate "2018.10.10"]
[SourceVersion "1"]
[SourceVersionDate "2018.10.10"]
[SourceQuality "1"]
[WhiteTeam "Schwaebisch Gmuend"]
[BlackTeam "Bebenhausen"]
[WhiteTeamCountry "GER"]
[BlackTeamCountry "GER"]

1. Nf3 Nf6 2. c4 e6 3. g3 d5 4. Bg2 Be7 5. 0-0 0-0 6. d4 dxc4 7. Qc2 a6 8. Qxc4 b5 9. Qc2 Bb7 10. Bd2 Be4 11. Qc1 Nc6 12. e3 Nb4 13. Bxb4 Bxb4 14. Nbd2 Bd5 15. a3 Be7 16. Qc2 Nd7 17. e4 Bb7 18. Nb3 c6 19. Rfd1 Qc7 20. Rac1 Rac8 21. d5 exd5 22. exd5 c5 23. d6 Bxd6 24. Ng5 Nf6 25. Bxb7 1-0